Contabilidad de pasivos y patrimonio con NIIF

Detalles Bibliográficos
Autor principal: Angulo Guiza, Uriel Guillermo
Formato: eBook
Lenguaje:español
Publicado: Bogot:̀ Ediciones de la U, 2020
Materias:
Acceso en línea:Acceso restringido

MARC

LEADER 00000nam a22000007a 4500
005 2021071603573.0
007 cr|||| ||||
008 210716s2020 co |||||s|||| 00||0 spa d
020 |a 978-958-792-195-3 
035 |a 33343 
040 |a vLex 
090 |c 11854  |d 11854 
100 1 |a Angulo Guiza, Uriel Guillermo 
245 1 0 |a Contabilidad de pasivos y patrimonio con NIIF  |h [Recurso electrn̤ico] :  |c Uriel Guillermo Angulo Guiza 
256 |a Servicio en ln̕ea 
260 |a Bogot:̀  |b Ediciones de la U,  |c 2020 
300 |a 1 recurso electrn̤ico 
500 |a Este libro de Contabilidad de pasivos y patrimonio con NIIF, es un texto diseądo para estudiantes de contadura̕ escrito en un lenguaje sencillo y fc̀il de entender con suficientes ejemplos desarrollados aplicando las NIIF en forma prc̀tica y sencilla; convirtiňdose en la mejor estrategia pedagg̤ica que pueda implementar el docente en el saln̤ de clase, o clase virtual. 
506 1 |a Disponible solo en los productos indicados  |d vLex Global  |d vLex Global (Academic Edition, excluding Law Schools)  |d vLex Global (U.S. Academic Edition, Law Schools)  |d vLex Global (U.S. Academic Edition, excluding Law Schools)  |d vLex Global (Academic Edition, Law Schools) 
650 0 4 |a Contabilidad  |z Colombia 
650 0 4 |a Banca y finanzas  |z Colombia 
740 0 |a vLex Libros (Servicio en ln̕ea) 
856 4 0 |u https://vlex.com/source/contabilidad-de-pasivos-y-patrimonio-con-niif-33343  |z Acceso restringido 
942 |c BOOK 
999 0 |a Accounting 
999 0 |a Banking and finance